නවීන විද්යා : 1952 ජූලි - 3 කාණ්ඩය 1 කලාපය /
Navina vidya
Saved in:
| Format: | Book |
|---|---|
| Published: |
කොළඹ :
ඇම්.ඩී. ගුණසේන,
[?].
|
| Tags: |
Add Tag
No Tags, Be the first to tag this record!
|
MARC
| LEADER | 00000nam a2200000 4500 | ||
|---|---|---|---|
| 003 | LK-CoNLD | ||
| 005 | 20250922121626.0 | ||
| 008 | 250922b |||||||| |||| 00| 0 ||| d | ||
| 015 | |2 slnb | ||
| 017 | |b LK-CoDNA | ||
| 040 | |a LK-CoNLD |b SIN |c LK-CoNLD |d LK-CoNLD | ||
| 082 | |2 23 |a 050 |q LK-CoNLD | ||
| 245 | |6 880-1 |a නවීන විද්යා : |b 1952 ජූලි - 3 කාණ්ඩය 1 කලාපය / |c සංස්කරණය ඊ.ඩබ්ලිව්. අදිකාරම්. | ||
| 260 | |a කොළඹ : |b ඇම්.ඩී. ගුණසේන, |c [?]. | ||
| 300 | |a පි. 18 ; |c සෙමි. 18. |b රෙක-නූබැ : රු.00.25 | ||
| 505 | |a 1) 1952 අගෝස්තු - 3 කාණ්ඩය 2 කලාපය 2) 1952 සැප්තැම්බර් - 3 කාණ්ඩය 3 කලාපය 3) 1952 ඔක්තෝම්බර් - 3 කාණ්ඩය 4 කලාපය 4) 1952 නොවැම්බර් - 3 කාණ්ඩය 5 කලාපය 5) 1952 දෙසැම්බර් - 3 කාණ්ඩය 6 කලාපය 6) 1953 ජනවාරි - 3 කාණ්ඩය 7 කලාපය 7) 1953 පෙබරවාරි - 3 කාණ්ඩය 8 කලාපය 8) 1953 මාර්තු - 3 කාණ්ඩය 9 කලාපය 9) 1953 අප්රේල් - 3 කාණ්ඩය 10 කලාපය 10) 1953 මැයි - 3 කාණ්ඩය 11 කලාපය 11) 1953 ජුනි - 3 කාණ්ඩය 12 කලාපය 12) 1953 ජූලි - 4 කාණ්ඩය 1 කලාපය 13) 1953 අගෝස්තු - 4 කාණ්ඩය 2 කලාපය 14) 1953 සැප්තැම්බර් - 4 කාණ්ඩය 3 කලාපය 15) 1953 ඔක්තෝම්බර් - 4 කාණ්ඩය 4 කලාපය 16) 1953 නොවැම්බර් - 4 කාණ්ඩය 5 කලාපය 17) 1953 දෙසැම්බර් - 4 කාණ්ඩය 7 කලාපය 18) 1954 ජනවාරි - 4 කාණ්ඩය 8 කලාපය 19) 1954 පෙබරවාරි - 4 කාණ්ඩය 8 කලාපය 20) 1954 මාර්තු - 4 කාණ්ඩය 9 කලාපය 21) 1954 අප්රේල් - 4 කාණ්ඩය 10 කලාපය 22) 1954 මැයි - 4 කාණ්ඩය 11 කලාපය 23) 1954 ජුනි - 4 කාණ්ඩය 12 කලාපය | ||
| 880 | |6 245-1 |a Navina vidya | ||
| 942 | |c PERIODICAL | ||
| 945 | |a 21055 |b M. G. D. NAWODA |c 21055 |d M. G. D. NAWODA | ||
| 999 | |c 293030 |d 293030 | ||